| 000 | 00892nac a22002171u 4500 | ||
|---|---|---|---|
| 010 | _a 2006272675 | ||
| 020 | _a080537373X | ||
| 082 | 0 | 0 |
_a611.00222 _bH971 |
| 090 |
_c3100 _d3100 |
||
| 100 | _aHutchinson ,Matt. | ||
| 245 | 0 | 2 |
_aA brief atlas of the human body / _cMatt Hutchinson ... [et al.] ; photographs by Ralph T. Hutchings and Nina Zanetti. |
| 250 | _a2nd ed. | ||
| 260 |
_aSan Francisco : _bPearson Benjamin Cummings, _cc2007. |
||
| 300 |
_avii, 129 p. : _bcol. ill. ; _c28 cm. |
||
| 500 | _aRev. ed. of: A brief atlas of the human body / Matt Hutchinson, Jon Mallatt, Elaine N. Marieb. 2003. | ||
| 650 | 0 |
_aHuman anatomy _vAtlases. |
|
| 700 | 1 | _aHutchinson, Matt. | |
| 700 | 1 | _aHutchinson, Matt. | |
| 942 |
_cBB _k611.00222H971 |
||
| 999 |
_c3100 _d3100 |
||